00519nam a2200157Ia 450000500170000000800410001708200160005810000250007424500460009926000490014530000140019450000340020894200060024295200980024899900150034620250521031236.0240331s9999 xx 000 0 und d a302.23bKUM aKumara, Nayanajith,N 0aAdyathana sinamawe lingika prawanathawaya aColombobDayawansa Jayakody & Samagamac1999 a115 p ., aSex Tendency of Modern Cinema cL 001040708LaWERCLbWERCLcSSCd2024-03-31l0o 302.23 KUMp4812r2024-03-31w2024-03-31yL c1110d1110